| 000 | 00439nam a2200157 i 4500 | ||
|---|---|---|---|
| 001 | 36843 | ||
| 003 | ES-MaACL | ||
| 005 | 20230906155443.0 | ||
| 007 | t| | ||
| 008 | 030219s1904 fr ||||1| fre d | ||
| 100 | 1 |
_aBouvier, Jean. _931086 |
|
| 245 | 1 | 0 |
_aNos bons cures _b: leurs joyesetes! leurs péchés! / _cJean Bouvier. |
| 260 |
_aParis : _b[s.n., _c1904] ( _fPaul Dupont) |
||
| 300 |
_a290 p. ; _c19 cm. |
||
| 852 |
_aES-MaACL _jC-3038 |
||
| 999 |
_c36843 _d36843 |
||